000
00320nam a2200121Ia 4500
008
150731s2013 xx 000 0 und d
082
_a
614.1
_b
V 13 N
100
_a
NAMBURI, SEKHAR
245
_a
TB OF VYAVSHARAYURVEDA OF VIDHIVAIDYAK
260
_b
CHAUKHAMBHA PUB. NEW DELHI
_c
2013
300
_a
362
942
_2
ddc
_c
BK
_0
39
999
_c
7714
_d
7714